| 000 -LEADER |
| fixed length control field |
00839nam a22001337a 4500 |
| 008 - FIXED-LENGTH DATA ELEMENTS--GENERAL INFORMATION |
| fixed length control field |
231218b ||||| |||| 00| 0 eng d |
| 245 ## - TITLE STATEMENT |
| Title |
India’s industry sector |
| 260 ## - PUBLICATION, DISTRIBUTION, ETC. (IMPRINT) |
| Place of publication, distribution, etc |
Yojana |
| 300 ## - PHYSICAL DESCRIPTION |
| Extent |
67(12), Dec, 2023: p.43-51 |
| 520 ## - SUMMARY, ETC. |
| Summary, etc |
National logistics policy lays down an overarching interdisciplinary, cross-sectoral, multi-jurisdictional, and comprehensive policy framework for the logistics sector. The policy comprehensive the PM Gatishakti national master plan. While PM Gatishakti national master plan is amide at integrated infrastructure development, the national logistics policy is envisaged to bring efficiency to logistics services and human resources through streamlining process and the adoption of suitable technologies. – Reproduced |
| 773 ## - HOST ITEM ENTRY |
| Main entry heading |
Yojana |
| 906 ## - LOCAL DATA ELEMENT F, LDF (RLIN) |
| Subject DIP |
INDUSTRIAL DEVELOPMENT |
| 942 ## - ADDED ENTRY ELEMENTS (KOHA) |
| Item type |
Articles |